000
00302nam a2200109Ia 4500
008
220204s9999 xx 000 0 und d
082
_a
543.54
_b
MIK
245
0
_a
Laboratory handbook of chromatographic and allied methods
260
_a
Chichester
_b
Ellis Horwood
_c
1979
700
_a
Mikes, O
942
_c
BK
999
_c
32052
_d
32052